[Event "Ambelokipi op 113th"]
[Site "Athens"]
[Date "2011.05.21"]
[Round "5"]
[White "Vazelakis, Dimitrios"]
[Black "Stavrakas, Ioannis"]
[Result "1-0"]
[WhiteElo "2016"]
[BlackElo "1735"]
[PlyCount "42"]
[EventDate "2011.05.07"]
[EventType "swiss"]
[EventRounds "7"]
[EventCountry "GRE"]
[SourceTitle "EXT 2024"]
[Source "ChessBase"]
[SourceDate "2023.10.10"]
[SourceVersion "1"]
[SourceVersionDate "2023.10.10"]
[SourceQuality "1"]

1. c4 g6 2. g3 Nc6 3. Bg2 b6 4. d3 Bb7 5. e4 Bg7 6. Ne2 Nf6 7. 0-0 e5 8. h3 Qe7 9. Nbc3 0-0 10. Bg5 Nd4 11. Nxd4 exd4 12. Nb1 Qc5 13. Qe2 a5 14. Re1 c6 15. Na3 d5 16. e5 Nd7 17. cxd5 Bxe5 18. Rac1 Qb4 19. dxc6 Nc5 20. cxb7 Rab8 21. Qxe5 f6 1-0